Un ragazzo /

সংরক্ষণ করুন:
গ্রন্থ-পঞ্জীর বিবরন
প্রধান লেখক: Hornby, Nick
অন্যান্য লেখক: Pedrotti, Federica
বিন্যাস: গ্রন্থ
ভাষা:ইতালিয়
প্রকাশিত: Parma : Guanda, 2014
মালা:Le bussole Guanda ; 12
ট্যাগগুলো: ট্যাগ যুক্ত করুন
কোনো ট্যাগ নেই, প্রথমজন হিসাবে ট্যাগ করুন!

MARC

LEADER 00000nam a22000007i 4500
001 IT\ICCU\MIL\0873134
003 ItRI
005 20250215175015.0
008 141205s2014 it |||||| ||||| |||||c
020 |a 9788823507692 
040 |b ita  |c ARCIGAY RIMINI 
041 7 |a ita  |2 ISO-639-2 
100 1 |a Hornby, Nick  |0 IT\ICCU\LO1V\151758 
240 1 0 |a About a boy  |9 Hornby, Nick 
245 1 3 |a Un ragazzo /  |c Nick Hornby ; traduzione di Federica Pedrotti. 
260 |a Parma :  |b Guanda,  |c 2014 
300 |a 414 p. ;  |c 15 cm 
700 1 |a Pedrotti, Federica  |0 IT\ICCU\UBOV\106523 
830 3 |a Le bussole Guanda ;  |v 12  |0 IT\ICCU\URB\0902291 
942 |2 ddc  |c BK 
952 |0 0  |1 0  |2 ddc  |4 0  |6 823_914000000000000_HOR_RAG  |7 1  |9 3152  |a RN  |b RN  |d 2025-02-15  |l 0  |o 823.914 HOR RAG  |p 10417  |r 2025-02-15 17:50:50  |w 2025-02-15  |x Donazione di Giovanni Rimondini  |y BK  |z Donazione di Giovanni Rimondini 
981 1 |6 z01  |a i   |b xxxe  
982 1 |6 z01  |a n 
999 |c 2538  |d 2538